000 00478nam a2200169Ia 4500
008 090711s9999 xx 000 0 und d
082 _b71591
100 _aअग्निहोत्री अ. शं.
245 _aबिरबल
260 _c1971
300 _a24
600 _aअग्निहोत्री अ. शं.
630 _aबिरबल
700 _aअग्निहोत्री अ. शं.
730 _aबिरबल
942 _cBOOK
999 _c327786
_d327786